000 00354 a2200145 4500
001 169676
020 _a
040 _cMagnum
100 _aMinisterio da Educacao e Cultura
240 1 0 _aCadernos da tv escola: indios no brasil - 2
_lpor
245 1 0 _aCadernos da tv escola: indios no brasil - 2
362 0 _a1899
697 _aENSINO
942 _cBK
999 _c169676
_d169676